| 000 | 00412 a2200157 4500 | ||
|---|---|---|---|
| 001 | 150245 | ||
| 040 | _cEscola São Tomás de Aquino | ||
| 100 | _aANDRADE, Wagner Matias de | ||
| 240 | 1 | 0 |
_aCada vez melhor _lpor |
| 245 | 1 | 0 | _aCada vez melhor |
| 300 | _a20 | ||
| 362 | 0 | _a1998 | |
| 440 | 1 | _aSoluções criativas | |
| 697 | _aCaricaturas, desenho animado, cômico, fotonovelas / Quadrinhos | ||
| 942 | _cBK | ||
| 999 |
_c150245 _d150245 |
||